| 000 | 01162cam a2200349 a 4500 | ||
|---|---|---|---|
| 001 | 3661395 | ||
| 003 | OSt | ||
| 005 | 20140310182439.0 | ||
| 008 | 051104s2006 mouabc b 001 0 eng | ||
| 020 | _a9789812728401 | ||
| 020 | _a9812728406 (hc) | ||
| 035 | _a(CaONFJC)4937881 | ||
| 040 |
_aUKM _cUKM _dCOU _dBAKER _dOCLCQ _dCaONFJC _dUtOrBLW |
||
| 050 |
_aRC 119 _b.J65 2010 |
||
| 100 | 1 |
_aJohn, David T. _97739 |
|
| 245 | 1 | 0 |
_aMarkell and Voge's medical parasitology / _cDavid T. John, William A. Petri, Jr. |
| 246 | 3 | 0 | _aMedical parasitology |
| 250 | _a9th ed. | ||
| 260 |
_aSt. Louis, Mo. : _bSaunders Elsevier, _cc2010. |
||
| 300 |
_a463 p. : _bill. (some col.) ; _c27 cm. |
||
| 650 | 1 | 2 |
_aParasites. _97740 |
| 650 | 2 | 2 |
_aParasitic Diseases. _97741 |
| 700 | 1 |
_aPetri, William A. _97742 |
|
| 700 | 1 |
_aMarkell, Edward K. _97743 |
|
| 700 | 1 |
_aVoge, Marietta, _d1918-1984. _97744 |
|
| 700 | 1 |
_aMarkell, Edward K. _tMarkell and Voge's medical parasitology. _97745 |
|
| 942 |
_2lcc _cSSLC |
||
| 949 |
_aFirm _b2429000-35 _c50.36 _d1 _i10259942 _jUSD _p39424053684566 _r4937881 _tBook |
||
| 999 |
_c13495 _d13495 |
||